Statistics for Countries of Europe With the Letter E

Click here to take the quiz!

General Stats

  • This quiz has been taken 89 times
  • The average score is 21 of 22

Answer Stats

Countries% Correct
United Kingdom
99%
Estonia
98%
France
98%
Germany
98%
Ireland
98%
Iceland
96%
Ukraine
96%
Belgium
95%
Greece
95%
Sweden
95%
Belarus
94%
Czech Republic
94%
Denmark
94%
Netherlands
94%
Slovenia
94%
Liechtenstein
93%
Montenegro
93%
Switzerland
93%
Bosnia and
Herzegovina
91%
Luxembourg
91%
North Macedonia
91%
Serbia
90%

Score Distribution

Percentile by Number Answered

Percent of People with Each Score

Your Score History

You have not taken this quiz